000 00295nam a22001337a 4500
008 170615b xxu||||| |||| 00| 0 eng d
020 _a0029166500
041 _aeng
080 _a94(7/8)
100 _a16
101 _aSHH
245 _aTHE TRIUMPH OF CONSERVATISM
_cKOLKO,G
942 _2udc
_cBK
999 _c17590
_d17590